00352 2200145 4500001002100000005001500021035002000036245004900056100001200105300001100117260004400128082000800172084001400180990001200194INLIS00000000000195620250523092657 a0010-05250002481 aGempa Bumi :bApa dan Bagaimana ? /cBeni S.0 aBeni S. a68 hlm aJakarta :bKarya Mandiri Pratama,c2007 a000 a000 BEN g a0713502